| 000 | 00490nam a2200181 4500 | ||
|---|---|---|---|
| 999 |
_c195898 _d195898 |
||
| 005 | 20230508163735.0 | ||
| 010 | _aENG-136778 | ||
| 020 |
_a9789351036678 _c200.00 |
||
| 035 | _aEN-120310 | ||
| 037 | _bDBAD/PUB | ||
| 082 | _aN | ||
| 100 | _aPhelan, James | ||
| 245 |
_aThe Last Thirteen/ _cBy James Phelan |
||
| 260 |
_aNew Delhi _bScholastic Australia _c2015 |
||
| 270 |
_a345, Pacific Highway Lindfield NSW 2070 _bAustralia |
||
| 300 |
_a185p _c20cm(pbk) |
||
| 942 |
_2ddc _cEN _mPHE _hN |
||